Normal view MARC view
  • Alcántara Manchinelli, Pío

Entry Nombre Personal

Number of records used in: 3

001 - NUMERO DE CONTROL

  • campo de control: 47453

003 - IDENTIFICADOR DE NUMERO DE CONTROL

  • campo de control: DLC

005 - FECHA Y HORA DE LA ÜLTIMA TRANSACCIÓN

  • campo de control: 20221123131015.0

008 - DATOS DE LONGITUD FIJA

  • campo de control de longitud fija: 221123n| acannaabn |a aaa

010 ## - NÚMERO DE CONTROL DE LA BIBLIOTECA DEL CONGRESO

  • Número de control LC: n 91091456

035 ## - NUMERO DE CONTROL

  • Número de control: (OCoLC)oca03017287

040 ## - FUENTE DE CATALOGACIÓN

  • Agencia original de catalogación: DLC
  • Lenguaje de catalogación: spa
  • Agencia de transcripción: DLC
  • Agencia que lo modifica: OCoLC
  • Agencia que lo modifica: MX-MxUPN

100 1# - ENCABEZAMIENTO - NOMBRE PERSONAL

  • Nombre personal: Alcántara Manchinelli, Pío

400 1# - VEÁSE - NOMBRE DE PERSONA

  • Personal name: Manchinelli, Pío Alcántara

670 ## - FUENTE EN LA QUE SE LOCALIZARON DATOS

  • Cita de la fuente: Díaz Gutiérrez, M.A. Perfil de los alumnos egresados del nivel licenciatura ... 1990:
  • Información localizada: portada (Pío Alcántara Manchinelli)

902 ## - CATALOGADOR

  • Catalogador: NDAF/231122